01795 a2200229 45000010006000000050017000060080041000230030015000640400040000790800083001192450055002020200018002572500011002752640046002863000019003325051028003511000026013797000027014057000019014327000020014518560094014713477320260407155633.0260407a2001 arg spa dAR-UNSa-BCEJYS aAR-UNSa-BCEJYSbspacAR-UNSa-BCEJYS a658.15xAdministración financiera privada. Gestión financiera de empresas 10aAdministración financierapteoría y práctica a958-699-024-9 a2a. ed 1aBuenos Aires :bPearson Educaciónc2001 a570 p.c26 cm. aParte I.: El mundo de las finanzas: 1. Las finanzas y las empresas - 2. Los mercados finaniceros y las tasas de interés - 3. Instituciones financieras - Parte II.: 4. Repaso de contabilidad - 5. Análisis de los estados financieros - 6. Pronósticos para la planeación financiera - 7. Riesgo y retorno - 8. El valor del dinero en el tiempo - 9. Valoración de bonos y acciones - Parte III.: Financiación a largo plazo : 10. Métodos para la toma de decisiones sobre prespuestación de capital - 11. Estimación de los fljos de efectivo incrementales - 12. El costo de capital - 13. Fundamentos de la estructura de capital - 14. Bonos corporativos, acciones preferenciales y leasing - 15. Acciones ordinarias - 16. Política de dividendos - Parte IV.: Financiación a corto plazo : 17. Política del capital de trabajo - 18. Administración del efectivo - 19. Cuentas por cobrar e inventarios - 20. Financiación a corto plazo - Parte V.: Las finanzas en una economía global: 21. Finanzas internacionales.1 aGallagher, Timothy J.1 aAndrew, Joseph D., Jr.1 aCano, Leonardo1 aRomero, Antonio41uhttps://biblioeco.unsa.edu.ar/pmb/images/libros/L87120.jpgyImagen de portadaqimage/jpeg